000 003270000a22001450004500
003 MACL
040 _aMACL
090 _c32892
_d32890
100 _aMalhotra, Dr. A M
245 _aCombined Preliminary Examination
260 _bBright Careers institus
_c2002
350 _a95
650 _aEducation
942 _cBOOK
_k378/ Mal
999 _c32555
_d32555